Insight guides : Laos & Cambodia.
| Format: | Book |
|---|---|
| Published: |
London:
APA Publications,
2012.
|
| Edition: | 3rd ed.. |
| Subjects: |
| LEADER | 00449cam a2200157 7i4500 | ||
|---|---|---|---|
| 001 | 0000031441 | ||
| 005 | 20141119090000.0 | ||
| 020 | 0 | 0 | |a 9781780051376 |
| 090 | 0 | 0 | |a LAOS 910.202 |b INS |
| 245 | 0 | 0 | |a Insight guides : |b Laos & Cambodia. |
| 250 | 0 | 0 | |a 3rd ed.. |
| 260 | 0 | 0 | |a London: |b APA Publications, |c 2012. |
| 300 | # | # | |a 376 p. |
| 651 | 0 | 0 | |a Cambodia -- |x Guidebooks |
| 651 | 0 | 0 | |a Laos -- |x Guidebooks |
| 999 | |a B000034760 |b Book |c Countries |e Business Information Centre | ||


